Personaggi famosi nati a Venezia - Statistics

Statistiche generali
  • Questo quiz è stato fatto 103 volte
  • Il punteggio medio è 6 su 13
Statistiche sulle risposte
con Immagini Risposta % Corretto
Mara Venier
93%
Terence Hill
90%
Bene Vio
78%
Patty Pravo
71%
Renato Brunetta
64%
Marco Polo
60%
Antonio Vivaldi
53%
Giacomo Casanova
25%
Carlo Goldoni
17%
Giambattista Tiepolo
9%
Tintoretto
9%
Canaletto
6%
Francesco Hayez
6%
Nessun quiz corrispondente trovato
Distribuzione punteggi
Percentuale di utenti per punteggio
Percentile per numero di risposta
I tuoi punteggi nel tempo
Non hai fatto questo quiz